Statistics for Scarlett Johansson - Roles by Picture

Click here to take the quiz!

General Stats

  • This quiz has been taken 20 times
  • The average score is 5 of 44

Answer Stats

Answer% Correct
Black Widow / Natasha Romanoff / Natalie Rushman
100%
Lucy Miller
44%
Kaa
39%
Ash
33%
Princess Mindy
28%
Annie Braddock
17%
Mary Boleyn
17%
Cristina
11%
Ivanka Trump
11%
Sarah Jordan / Jordan Two-Delta
11%
Alex Foreman
6%
Anna
6%
Ashley Parker
6%
Barbara Sugarman
6%
Birdy Abundas
6%
Charlotte
6%
DeeAnna Moran
6%
Emily
6%
Francesca Curtis
6%
Grace MacLean
6%
Griet
6%
Janet Leigh
6%
Jessica 'Jess' Thayer
6%
Kathy Caldwell
6%
Katie Armstrong
6%
Kay Lake
6%
Kelly Foster
6%
Laura Nelson
6%
Major Mira Killian / Motoko Kusanagi
6%
Manny
6%
Meg Windermere
6%
Molly
6%
Molly Pruitt
6%
Nicole Barber
6%
Nola Rice
6%
Nutmeg
6%
Olivia Wenscombe
6%
Pursy Will
6%
Rebecca Doppelmeyer
6%
Rosie Betzler
6%
Silken Floss
6%
Sondra Pransky
6%
Suzanne - Age 15
6%
The Female
6%

Score Distribution

Percentile by Number Answered

Percent of People with Each Score

Your Score History

You have not taken this quiz